000 00259nam a2200109Ia 4500
008 200302s9999 xx 000 0 und d
100 _aNamas Bhojani & Other
245 _aBomay
260 _bHarper Collins Publishers India
260 _c1996
300 _a163 P.,
999 _c1578
_d1578